=LDR 00000nam 2200000 4500 =001 INLIS000000000016180 =005 20200917014111 =035 ##$$a 0010-061300000016180 =008 200917################g##########0#ind## =041 ##$$a Ind =082 ##$$a 2x9.13 =090 ##$$a 2x9.13, Isl s =100 ##$$a Islamiyyah, Jamiah jami'ah Al-Ta'limat Al =245 1#$$a Siapa, Mengapa Allul bayt /$c Jami'ah Al-Ta'limat Al-Islamiyyah =260 ##$$a Jakarta :$b Pintu Ilmu,$c 1991 =300 ##$$a 208 hlm ; $c 21 x 14 cm =650 #4$$a Sejarah Islam =850 ##$$a NBPNMAT =084 ##$$a 2x9.13 ISL s =990 ##$$a 44.549/pro92 =990 ##$$a 44.548/Pro-92